| 000 | 00609nam a22001577a 4500 | ||
|---|---|---|---|
| 999 |
_c60915 _d60915 |
||
| 005 | 20231117150956.0 | ||
| 008 | 231117s1969 ru ||||| |||| 00| 0 rus d | ||
| 041 | _arus | ||
| 080 | _a930.2:003.071(=124) Ф-32 | ||
| 100 |
_aФедорова, Е.В. _920423 |
||
| 245 |
_aЛатинская эпиграфика / _cЕлена Васильевна Федорова. |
||
| 264 |
_aМ., _bИздательство Московского университета _c1969. |
||
| 300 |
_a373 p.: _bил. _c22 см. |
||
| 653 | _aლათინური ეპიგრაფიკა | ||
| 942 |
_2udc _cᲬᲘᲒᲜᲘ |
||